00644nam a2200133Ia 4500008004100000100002100041245012800062245016500190260005300355260001800408300000800426650001500434856006100449170221s9999 xx 000 0 und d aIlya N. Maksimov 4aThe Management of Independent Educational-Cognitive Activities of Future Specialists in the Process of Vocational Training  cIlya N. Maksimov, Liya V. Faleeva, Oksana A. Pavlova, Guzel R. Fassakhova, Liliya R. Islamova, Alexandra A. Timonina, Vladimir I. Kurdyumov, Evgenia Y. Tokareva bInternational Review of Management and Marketing cNovember 2012 a1:2 xMarketing. uhttp://www.econjournals.com/index.php/irmm/issue/view/72